=LDR 00000nam 2200000 4500 =001 INLIS000000000052454 =005 20180212124446 =035 ##$$a 0010-0218000150 =007 ta =008 180212###########################0###### =020 ##$$a 978-602-391-372-5 =082 ##$$a 899.221 3 =084 ##$$a 899.221 3 NUR p =100 #$$a Nurul Hanafi =245 1#$$a Percakapan Burung-Burung : $b Dan Cerita-Cerita Lain /$c Nurul Hanafi =250 ##$$a cet.1 =260 ##$$a Yogyakarta :$b Diva Press,$c 2017 =300 ##$$a 264 hlm. : $b ilus, ; $c 20 cm. =650 ##$$a Fiksi Indonesia =700 #$$a Penyunting, Nuhajjah Sartini =990 ##$$a 33573357 =990 ##$$a 33573357 =990 ##$$a 33573357 =990 ##$$a 33573357 =990 ##$$a 33573357 =990 ##$$a 21708241 =990 ##$$a 01201803357 =990 ##$$a 01201803358 =990 ##$$a 01201803359 =990 ##$$a 01201803360 =990 ##$$a 21708242 =990 ##$$a 01201803357 =990 ##$$a 01201803358 =990 ##$$a 01201803359 =990 ##$$a 21708241 =990 ##$$a 21708243 =990 ##$$a 01201803357 =990 ##$$a 01201803358 =990 ##$$a 21708242 =990 ##$$a 21708241 =990 ##$$a 21708244 =990 ##$$a 01201803357 =990 ##$$a 21708243 =990 ##$$a 21708242 =990 ##$$a 21708241 =990 ##$$a 21708245 =990 ##$$a 21708244 =990 ##$$a 21708243 =990 ##$$a 21708242 =990 ##$$a 21708241